| 000 | 00656nam a2200193Ia 4500 | ||
|---|---|---|---|
| 999 |
_c27977 _d27977 |
||
| 003 | GCL | ||
| 005 | 20240530101826.0 | ||
| 008 | 140319s9999 xx 000 0 ara d | ||
| 040 |
_aGCL / _cGCL |
||
| 082 | 0 | 4 |
_a210.9 _bع م |
| 100 | 1 | _aعبدالمتعال الصعيدى | |
| 245 | 1 | 0 |
_aالمجددون فى الاسلام من القرن الاول الى الرابع عشر / _cعبدالمتعال الصعيدى |
| 260 |
_a[S.N] : _bمكتبة الاداب ، _c1962 |
||
| 300 | _a635 ص | ||
| 650 | 0 | 4 | _aالاسلام |
| 650 | 0 | 4 | _aالتاريخ الاسلامى |
| 650 | 0 | 4 | _aالاسلام والاصلاح الدينى |
| 942 |
_2ddc _cBK |
||